| 000 | 00000nam##2200000za#4500 |
| 001 | 9.601455 |
| 003 | CaOODSP |
| 005 | 20210624210101 |
| 007 | cr ||||||||||| |
| 008 | 150406|2008||||xxc|||||o f|0| 0 fre|d |
| 022 | |a1919-5117 |
| 040 | |aCaOODSP|bfre |
| 043 | |an-cn--- |
| 086 | 1 |aFs70-6/2008-016F-PDF |
| 110 | 1 |aCanada. |bMinistère des pêches et des océans. |bRégion du Québec. |
| 245 | 10|aÉtat de l'océan en 2007 : |h[ressource électronique]|bconditions océanographiques physiques dans le golfe du Saint-Laurent |
| 246 | 17|aRégion du Québec : état de l'océan, conditions océanographiques physiques |
| 260 | |aMont-Joli - Québec : |bPêches et Océans Canada. |cAvril 2008. |
| 300 | |a20p.|bfigures (certaines en couleur), graphiques, cartes (certaines en couleur), références, tableaux |
| 490 | 1 |aSecrétariat canadien de consultation scientifique, avis scientifique|x1919-5117|v2008/016, Région du Québec |
| 590 | |a11-21-Supp|b2011-09-30 |
| 775 | 08|tState of the ocean 2007 : |w(CaOODSP)9.570809 |
| 830 | #0|aAvis scientifique (Secrétariat canadien de consultation scientifique)|x1919-5117|v2008/016, Région du Québec|w(CaOODSP)9.502624 |
| 856 | 40|ahttp://publications.gc.ca|qPDF|s2.27 Mo|uhttps://publications.gc.ca/collections/collection_2011/mpo-dfo/Fs70-6-2008-016-fra.pdf|y2008/016, Région du Québec |